| 000 | 00628nam a22002177a 4500 | ||
|---|---|---|---|
| 999 |
_c35138 _d35138 |
||
| 001 | 4553 | ||
| 003 | CO-MdFUSB | ||
| 005 | 20180622073144.0 | ||
| 008 | 180322s1971 xxu||||| |||| 00| 0 spa d | ||
| 040 |
_aCO-MdFUSB _bspa _cCO-MdFUSB _dCO-MdFUSBC _erda |
||
| 041 | 0 | _aspa | |
| 082 | 0 | 4 | _aG 227.6 S6421f |
| 100 | 1 |
_aSmith, Hoke _eautor |
|
| 245 | 1 | 0 |
_aFilipenses _b : El gozo de la vida en Cristo _c/ Hoke Smith |
| 264 | 4 |
_a[S.L.] : _bCasa Bautista de Publicaciones, _c[1971] |
|
| 300 | _a88 Pag | ||
| 336 |
_2rdacontent _atexto _btxt |
||
| 337 |
_2rdamedia _asin mediación _bn |
||
| 338 |
_2rdacarrier _avolumen _bnc |
||
| 942 | _cBK | ||